[Event "4.Nord-West-Cup"]
[Site "?"]
[Date "2002.??.??"]
[Round "3"]
[White "Pericic, Boris"]
[Black "Kohlmann, Arndt"]
[Result "1/2-1/2"]
[WhiteElo "2021"]
[BlackElo "1178"]
[PlyCount "58"]

1. c4 f5 2. f4 Nf6 3. g3 e6 4. Bg2 Be7 5. Nf3 d5 6. b3 c6 7. Bb2 O-O 8. Qc2 Ne4
9. d3 Bb4+ 10. Nbd2 Nxd2 11. Nxd2 Bc5 12. cxd5 Bb6 13. dxc6 Nxc6 14. Bxc6 bxc6
15. Qc3 Rf7 16. Nc4 Bb7 17. Qe5 Qe7 18. Ba3 Qd7 19. Nd6 Bc7 20. Qc5 Bb6 21. Qc4
c5 22. Nxb7 Qxb7 23. O-O Rc8 24. Bb2 Qd7 25. Rac1 Rff8 26. Rc2 Qd5 27. Rfc1
Qxc4 28. Rxc4 Rcd8 29. Ba3 Rd5 1/2-1/2

[Event "4.Nord-West-Cup"]
[Site "?"]
[Date "2002.??.??"]
[Round "3"]
[White "Roehl, Manfred"]
[Black "Meyer, Eric"]
[Result "0-1"]
[WhiteElo "1688"]
[BlackElo "1483"]
[PlyCount "46"]

1. e4 e5 2. Nf3 Nf6 3. Nc3 Nc6 4. Bc4 Bc5 5. O-O O-O 6. d3 d6 7. h3 Be6 8. Bb3
h6 9. Ne2 a5 10. c3 Ne7 11. d4 exd4 12. Bxe6 fxe6 13. Nf4 Qd7 14. Qb3 Nxe4 15.
Nxe6 Rf7 16. Qxb7 Qxe6 17. Qxa8+ Rf8 18. Qb7 dxc3 19. Qb3 d5 20. bxc3 Nxf2 21.
Ba3 Nxh3+ 22. Kh2 Qd6+ 23. Kxh3 Nf5 0-1

[Event "4.Nord-West-Cup"]
[Site "?"]
[Date "2002.??.??"]
[Round "3"]
[White "Jans, Michael"]
[Black "Korsus, Bernd"]
[Result "0-1"]
[WhiteElo "2028"]
[BlackElo "2272"]
[PlyCount "116"]

1. e4 c5 2. Nc3 Nc6 3. g3 g6 4. Bg2 Bg7 5. d3 d6 6. Be3 Nf6 7. h3 Bd7 8. Qd2 b5
9. Nge2 Rb8 10. O-O Qc8 11. Kh2 h5 12. f4 h4 13. g4 Bxg4 14. hxg4 Nxg4+ 15. Kh1
Nd4 16. Bxd4 cxd4 17. Nd1 e5 18. c3 Nf6 19. cxd4 Nh5 20. Rc1 Qg4 21. Rf3 h3 22.
Rxh3 Qxe2 23. Qxe2 Ng3+ 24. Kh2 Nxe2 25. Rxh8+ Bxh8 26. Rc7 Nxf4 27. d5 a5 28.
Bf1 Bf6 29. Nc3 Bd8 30. Rc6 Kd7 31. Kg3 b4 32. Nd1 Rc8 33. Rxc8 Kxc8 34. Ne3
Kd7 35. Kf3 Nh5 36. Nc4 Ke7 37. Bh3 Bc7 38. Ke3 Nf4 39. Bg4 f5 40. Bd1 Nh3 41.
a3 Ng5 42. axb4 axb4 43. Bc2 Kf6 44. Ba4 Bb8 45. Bc2 Ba7+ 46. Ke2 Bc5 47. Nd2
f4 48. Ba4 Nh7 49. Bd7 Kg5 50. Kf3 Kh4 51. Kg2 Nf6 52. Nf3+ Kh5 53. Be6 g5 54.
Bf7+ Kh6 55. Be6 g4 56. Nh4 Kg5 57. Nf5 f3+ 58. Kf1 Kf4 0-1

[Event "4.Nord-West-Cup"]
[Site "?"]
[Date "2002.??.??"]
[Round "3"]
[White "Lorenzen, Bjoern"]
[Black "Tschetschelnitzki, Boris"]
[Result "0-1"]
[WhiteElo "1983"]
[BlackElo "2230"]
[PlyCount "146"]

1. d4 e6 2. Nf3 f5 3. g3 Nf6 4. Bg2 Be7 5. O-O O-O 6. c4 d6 7. Nc3 a5 8. b3 Qe8
9. Bb2 c6 10. Qd3 Na6 11. a3 Bd8 12. Qc2 e5 13. dxe5 dxe5 14. Rad1 Bc7 15. Na4
e4 16. Nd4 f4 17. Nc3 e3 18. Ne4 exf2+ 19. Rxf2 Ng4 20. Rf3 Ne3 21. Rxe3 fxe3
22. Qd3 Bg4 23. Qxe3 Rd8 24. Qg5 Qg6 25. Qxg6 hxg6 26. Re1 Rfe8 27. e3 Be5 28.
Bc3 Bc7 29. b4 axb4 30. axb4 Bf5 31. Ng5 Be5 32. Ngf3 Bf6 33. c5 Nc7 34. Bd2
Be4 35. Kf2 Ra8 36. Bf1 Bd5 37. Bd3 Ne6 38. Nxe6 Bxe6 39. Bxg6 Red8 40. Rc1 Bg4
41. Rc2 Rf8 42. Kg2 Rad8 43. Ne1 Bd1 44. Ra2 Bb3 45. Bb1 Bxa2 46. Bxa2+ Kh8 47.
Nf3 g6 48. e4 Rxd2+ 49. Nxd2 Bc3 50. Nb3 Bxb4 51. Bb1 Kg7 52. Bd3 Re8 53. Kf3
Re5 54. Kf4 Kf6 55. g4 g5+ 56. Kg3 Bxc5 57. h4 gxh4+ 58. Kxh4 Be3 59. Kg3 Bg5
60. Kf3 Re7 61. Nc5 Ke5 62. Nb3 Rh7 63. Bf1 b6 64. Kg3 Ra7 65. Kf3 Ra3 66. Bc4
b5 67. Bf7 c5 68. Ke2 c4 69. Nc5 Ra7 70. Bg8 Be7 71. Ne6 Ra8 72. Bf7 Kf6 73.
Nc7 Ra2+ 0-1

[Event "4.Nord-West-Cup"]
[Site "?"]
[Date "2002.??.??"]
[Round "3"]
[White "Issel, Oliver"]
[Black "Schwarze, Hugo"]
[Result "1-0"]
[WhiteElo "2226"]
[BlackElo "1946"]
[PlyCount "53"]

1. d4 Nf6 2. Nf3 g6 3. Nc3 d5 4. Bf4 c6 5. Qd2 Bg7 6. Bh6 O-O 7. Bxg7 Kxg7 8.
O-O-O b5 9. Ne5 Qd6 10. f3 Nbd7 11. Nxd7 Bxd7 12. e3 h5 13. Bd3 e5 14. dxe5
Qxe5 15. e4 d4 16. Ne2 c5 17. c3 dxc3 18. Nxc3 c4 19. Bc2 b4 20. Nd5 b3 21. Bb1
bxa2 22. Bxa2 Ba4 23. Qd4 Qg5+ 24. Rd2 Rfe8 25. f4 Qh4 26. g3 Rxe4 27. gxh4 1-0

[Event "4.Nord-West-Cup"]
[Site "?"]
[Date "2002.??.??"]
[Round "3"]
[White "Walter, Stefan"]
[Black "Heinemann, Ernst"]
[Result "1/2-1/2"]
[WhiteElo "1943"]
[BlackElo "2217"]
[PlyCount "122"]

1. d4 Nf6 2. c4 c5 3. d5 b5 4. cxb5 a6 5. b6 g6 6. Nc3 d6 7. Nf3 Nbd7 8. e4
Nxb6 9. Nd2 Bg7 10. a4 Rb8 11. a5 Na8 12. Nc4 Nd7 13. Qc2 Nc7 14. Be3 O-O 15.
Be2 Nb5 16. O-O Nd4 17. Bxd4 cxd4 18. Na4 Ne5 19. Nab6 f5 20. f3 Bh6 21. f4
Nxc4 22. Bxc4 Bg7 23. Rae1 fxe4 24. Qxe4 Bf5 25. Qxe7 Qxe7 26. Rxe7 d3 27. Nd7
Bd4+ 28. Kh1 Rxb2 29. Nxf8 Kxf8 30. Ree1 d2 31. Rd1 Bg4 32. Bxa6 Bxd1 33. Rxd1
Bc3 34. Be2 Bxa5 35. g3 Bc3 36. Kg2 Rb4 37. Kf2 Re4 38. Rb1 Re7 39. Rb3 Bd4+
40. Kf1 Rc7 41. Bd1 Re7 42. Be2 Be3 43. Rd3 g5 44. f5 Kg7 45. Bg4 Kf6 46. Ke2
Bg1+ 47. Kxd2 Bxh2 48. Re3 Re5 49. Rd3 Bg1 50. Kd1 Bc5 51. Kd2 Bf2 52. Be2 Bc5
53. g4 Re4 54. Rh3 Re7 55. Rh6+ Ke5 56. Re6+ Rxe6 57. dxe6 Kf6 58. Kd3 Bg1 59.
Ke4 Bh2 60. Kd5 Be5 61. Kc6 Ke7 1/2-1/2

[Event "4.Nord-West-Cup"]
[Site "?"]
[Date "2002.??.??"]
[Round "3"]
[White "Wichmann, Ralph"]
[Black "Muehlenhaus, Sven"]
[Result "1/2-1/2"]
[WhiteElo "1914"]
[BlackElo "2207"]
[PlyCount "86"]

1. e4 c5 2. Nf3 Nc6 3. Bb5 d6 4. d4 cxd4 5. Qxd4 Qa5+ 6. Nc3 Qxb5 7. Nxb5 Nxd4
8. Nfxd4 Kd8 9. Be3 Bd7 10. Nc3 Nf6 11. f3 a6 12. O-O Rc8 13. a4 e5 14. Nb3 Be6
15. Nc1 Kc7 16. Ba7 d5 17. exd5 Nxd5 18. Nxd5+ Bxd5 19. Nd3 f6 20. Rfd1 Bc4 21.
a5 h5 22. Rd2 g6 23. Rad1 Rh7 24. b3 Be6 25. Nc5 Bf5 26. Ne4 Rf7 27. Rd3 Bb4
28. Bb6+ Kc6 29. c4 Bxe4 30. fxe4 Bc5+ 31. Bxc5 Kxc5 32. Rd6 Kb4 33. Rb6+ Kc3
34. Kf2 Rc5 35. Ke2 f5 36. Rd3+ Kb2 37. Rd2+ Ka3 38. Ke3 Rxa5 39. Rd1 Kb2 40.
Rd2+ Kc1 41. Rbd6 Ra3 42. R6d3 fxe4 43. Rd1+ Kb2 1/2-1/2

[Event "4.Nord-West-Cup"]
[Site "?"]
[Date "2002.??.??"]
[Round "3"]
[White "Wetjen, Siegfried"]
[Black "Leiber, Bernhard"]
[Result "0-1"]
[WhiteElo "1894"]
[BlackElo "2204"]
[PlyCount "70"]

1. g3 d5 2. d3 Nf6 3. Bg2 c6 4. Nd2 Bg4 5. Ngf3 Nbd7 6. O-O e6 7. e4 Bc5 8. c3
Bb6 9. h3 Bxf3 10. Bxf3 Ne5 11. d4 Nxf3+ 12. Qxf3 O-O 13. e5 Nd7 14. Qg4 Kh8
15. Kh2 c5 16. Nf3 cxd4 17. cxd4 Qe8 18. Bd2 f6 19. Rae1 f5 20. Qf4 h6 21. h4
Qh5 22. Kg2 Rf7 23. Bb4 Kg8 24. Rc1 Nf8 25. Bxf8 Raxf8 26. Rc2 Bd8 27. Rh1 Bb6
28. Rhc1 Qg4 29. Rh1 g6 30. Qxh6 f4 31. Ng5 Rg7 32. h5 f3+ 33. Kf1 Qxd4 34.
Nxf3 Qd3+ 35. Re2 Rxf3 0-1

[Event "4.Nord-West-Cup"]
[Site "?"]
[Date "2002.??.??"]
[Round "3"]
[White "Dewenter, Ulf"]
[Black "Fehsenfeld, Frithjof"]
[Result "1/2-1/2"]
[WhiteElo "2193"]
[BlackElo "1881"]
[PlyCount "43"]

1. e4 c6 2. Nc3 d5 3. Nf3 dxe4 4. Nxe4 Nf6 5. Nxf6+ exf6 6. d4 Bd6 7. Be2 O-O
8. O-O Bg4 9. c4 Nd7 10. Re1 Re8 11. Bd2 Nf8 12. Bc3 Qd7 13. Qd2 Rad8 14. Rad1
Ng6 15. g3 Qf5 16. Kg2 Re7 17. Ng1 Bxe2 18. Rxe2 Rde8 19. Rxe7 Rxe7 20. Re1
Rxe1 21. Qxe1 Qe6 22. b3 1/2-1/2

[Event "4.Nord-West-Cup"]
[Site "?"]
[Date "2002.??.??"]
[Round "3"]
[White "Pernutz, Hans-Gerhard"]
[Black "Juergens, Bernhard"]
[Result "1-0"]
[WhiteElo "2191"]
[BlackElo "1849"]
[PlyCount "55"]

1. e4 e6 2. d4 d5 3. Nd2 Nf6 4. e5 Nfd7 5. c3 c5 6. Bd3 Nc6 7. Ne2 Qb6 8. Nf3
cxd4 9. cxd4 f6 10. exf6 Nxf6 11. O-O Bd6 12. Nc3 O-O 13. Be3 Bd7 14. Na4 Qc7
15. Rc1 Ng4 16. Bxh7+ Kxh7 17. Ng5+ Kg8 18. Qxg4 Bxh2+ 19. Kh1 Rf6 20. Qh5 Rh6
21. Qf7+ Kh8 22. Nh3 Rf6 23. Qh5+ Kg8 24. g3 Bxg3 25. fxg3 Qxg3 26. Bf4 Rxf4
27. Rxf4 Qe3 28. Qf7+ 1-0

[Event "4.Nord-West-Cup"]
[Site "?"]
[Date "2002.??.??"]
[Round "3"]
[White "Kerski, Bjoern-Ole"]
[Black "Pel, Bonno"]
[Result "0-1"]
[WhiteElo "1885"]
[BlackElo "2191"]
[PlyCount "64"]

1. d4 d6 2. Nf3 g6 3. Nbd2 Bg7 4. c3 Nf6 5. Qc2 O-O 6. e4 c5 7. dxc5 dxc5 8.
Be2 Nc6 9. O-O b6 10. b3 Bb7 11. Bb2 Qc7 12. Rad1 Nd8 13. Rfe1 e5 14. Bf1 Nh5
15. Nc4 f5 16. Nfd2 Ne6 17. Ne3 Qf7 18. f3 Qf6 19. Nd5 Qg5 20. Nc4 fxe4 21.
Qxe4 Nef4 22. Kh1 Bxd5 23. Rxd5 Qh6 24. Kg1 Nf6 25. Qc2 N6xd5 26. Nxe5 Ne3 27.
Rxe3 Nh3+ 28. Kh1 Qxe3 29. Bc4+ Kh8 30. Nxg6+ hxg6 31. gxh3 Qxf3+ 32. Kg1 Rad8
0-1

[Event "4.Nord-West-Cup"]
[Site "?"]
[Date "2002.??.??"]
[Round "3"]
[White "Mader, Sascha"]
[Black "Boer, Alef"]
[Result "0-1"]
[WhiteElo "1881"]
[BlackElo "2190"]
[PlyCount "112"]

1. d4 Nf6 2. e3 d5 3. c3 Bf5 4. f4 e6 5. Nf3 Nbd7 6. Be2 Be7 7. O-O Ne4 8. Nbd2
c5 9. Ne5 Nxd2 10. Bxd2 Nxe5 11. fxe5 O-O 12. Bg4 Bg6 13. Be1 Qb6 14. Qe2 c4
15. Qd2 Bd3 16. Rf3 f5 17. exf6 Bxf6 18. Bg3 g6 19. Rf2 h5 20. Be2 h4 21. Raf1
hxg3 22. Rxf6 gxh2+ 23. Kxh2 Rxf6 24. Rxf6 Kg7 25. Rf4 Rh8+ 26. Kg1 Bf5 27. e4
Bxe4 28. Bxc4 e5 29. Rg4 Bf5 30. Rg5 dxc4 31. Rxf5 gxf5 32. Qg5+ Qg6 33. Qe7+
Qf7 34. Qg5+ Kf8 35. Qd8+ Qe8 36. Qf6+ Kg8 37. Qg5+ Kf7 38. Qxf5+ Ke7 39. dxe5
Kd8 40. e6 Kc8 41. Qc5+ Kb8 42. Qxc4 Ka8 43. a4 Rh6 44. e7 Rh7 45. a5 a6 46. b4
Rxe7 47. Qd4 Re1+ 48. Kh2 Qb8+ 49. g3 Re2+ 50. Kh1 Qc8 51. Kg1 Rc2 52. b5 Rxc3
53. bxa6 Qc5 54. axb7+ Kxb7 55. Qxc5 Rxc5 56. Kf2 Kc7 0-1

[Event "4.Nord-West-Cup"]
[Site "?"]
[Date "2002.??.??"]
[Round "3"]
[White "Wirz, James"]
[Black "Olzem, Lothar"]
[Result "1-0"]
[WhiteElo "1843"]
[BlackElo "2185"]
[PlyCount "79"]

1. e4 c5 2. Nf3 Nc6 3. d4 cxd4 4. Nxd4 Nf6 5. Nc3 g6 6. Nxc6 bxc6 7. e5 Ng8 8.
Bc4 Bg7 9. f4 f5 10. O-O Nh6 11. Be3 Qa5 12. Qd3 Nf7 13. a3 O-O 14. b4 Qc7 15.
Bc5 Re8 16. Rad1 e6 17. Rf2 Bf8 18. Na4 Bh6 19. g3 Bg7 20. Rfd2 g5 21. Ba6 Bxa6
22. Qxa6 gxf4 23. gxf4 Qd8 24. Bf2 d5 25. exd6 e5 26. d7 Re6 27. Nc5 Rg6+ 28.
Kf1 exf4 29. Nb7 Qg5 30. d8=Q+ Rxd8 31. Rxd8+ Bf8 32. Qc4 Qg2+ 33. Ke1 Qxh2 34.
R1d7 Qh1+ 35. Kd2 Rf6 36. Rxf7 Rxf7 37. Nd6 Qd5+ 38. Qxd5 cxd5 39. Nxf7 Kxf7
40. Rd7+ 1-0

[Event "4.Nord-West-Cup"]
[Site "?"]
[Date "2002.??.??"]
[Round "3"]
[White "Nedkov, Petar"]
[Black "Wiertzema, Michael"]
[Result "0-1"]
[WhiteElo "1836"]
[BlackElo "2169"]
[PlyCount "60"]

1. Nf3 d5 2. b3 Bg4 3. Bb2 Nd7 4. Nc3 c6 5. e4 d4 6. Ne2 Bxf3 7. gxf3 e5 8. Ng3
h5 9. c3 h4 10. Ne2 Nc5 11. Nc1 Qf6 12. b4 Ne6 13. Nd3 Rd8 14. Be2 dxc3 15.
Bxc3 Nd4 16. Nc5 Bxc5 17. bxc5 Ne7 18. Rb1 Rd7 19. Bxd4 exd4 20. d3 Rh5 21. Qc1
Ng6 22. Qa3 Qe5 23. Rc1 a6 24. Rc2 Rg5 25. Kf1 h3 26. Rg1 Rxg1+ 27. Kxg1 Qg5+
28. Kf1 Qg2+ 29. Ke1 Qxh2 30. Qc1 Qg1+ 0-1

[Event "4.Nord-West-Cup"]
[Site "?"]
[Date "2002.??.??"]
[Round "3"]
[White "Spittel, Olaf"]
[Black "Fjodorow, Peter"]
[Result "0-1"]
[WhiteElo "1830"]
[BlackElo "2160"]
[PlyCount "82"]

1. Nf3 Nf6 2. g3 c5 3. c4 Nc6 4. Nc3 d5 5. cxd5 Nxd5 6. Bg2 Nc7 7. O-O e5 8. d3
Be7 9. h3 Be6 10. b3 f6 11. Bb2 Qd7 12. Kh2 O-O 13. Rc1 Rac8 14. Qd2 b6 15. Ne4
Nd4 16. Nxd4 exd4 17. e3 f5 18. exd4 fxe4 19. Bxe4 cxd4 20. Bc6 Qd6 21. Rfe1
Bf6 22. Bb7 Rce8 23. Rc6 Qd7 24. Ba3 Be7 25. Bxe7 Rxe7 26. Qe2 Rb8 27. Rxc7
Qxc7 28. Be4 g6 29. Qd2 Rf8 30. Rc1 Rxf2+ 31. Qxf2 Qxc1 32. Qxd4 Qd2+ 33. Bg2
Bf7 34. Qd8+ Re8 35. Qd4 Re2 36. Qd8+ Kg7 37. Qd4+ Kh6 38. Qh4+ Kg7 39. Qd4+
Kg8 40. Qd8+ Re8 41. Qd4 h6 0-1

[Event "4.Nord-West-Cup"]
[Site "?"]
[Date "2002.??.??"]
[Round "3"]
[White "Warns, Heiko"]
[Black "Gorman, Stephen"]
[Result "1-0"]
[WhiteElo "2140"]
[BlackElo "1829"]
[PlyCount "47"]

1. e4 e6 2. d4 d5 3. Nc3 Bb4 4. e5 b6 5. Qg4 Bf8 6. h4 h5 7. Qf3 Ne7 8. Bg5 Qd7
9. Bxe7 Bxe7 10. Nh3 Ba6 11. Nf4 g6 12. Nfxd5 exd5 13. Nxd5 c6 14. Nxe7 Bxf1
15. Nxc6 Nxc6 16. Rxf1 O-O 17. O-O-O Rac8 18. c3 b5 19. Qe4 Qe6 20. Kb1 b4 21.
cxb4 Nxb4 22. d5 Rc4 23. dxe6 Rxe4 24. e7 1-0

[Event "4.Nord-West-Cup"]
[Site "?"]
[Date "2002.??.??"]
[Round "3"]
[White "Boehme, Arne"]
[Black "Hoffmann, Ulrich"]
[Result "1-0"]
[WhiteElo "1828"]
[BlackElo "2109"]
[PlyCount "68"]

1. e4 c5 2. Nc3 Nc6 3. f4 g6 4. Nf3 Bg7 5. Bc4 e6 6. f5 Nge7 7. fxe6 fxe6 8.
O-O O-O 9. d3 d5 10. Bb3 Na5 11. Ne2 Qb6 12. Kh1 Bd7 13. Bg5 Nxb3 14. axb3 Rae8
15. Qc1 Bc6 16. Ng3 a6 17. Bh6 Qc7 18. Bxg7 Kxg7 19. Qg5 h6 20. Nh5+ Kh7 21.
Nf6+ Rxf6 22. Qxf6 Ng8 23. Qe5 Qd7 24. Nd2 Qg7 25. Nf3 dxe4 26. dxe4 Nf6 27.
Ng5+ hxg5 28. Rxf6 Bxe4 29. Qxg5 Bxc2 30. Rf2 Bf5 31. Raf1 Qe7 32. Qf4 Kg7 33.
Qe5+ Kg8 34. h3 Qg7 1-0

[Event "4.Nord-West-Cup"]
[Site "?"]
[Date "2002.??.??"]
[Round "3"]
[White "Perman, Torvald"]
[Black "Hurrle, Juergen"]
[Result "1-0"]
[WhiteElo "2099"]
[BlackElo "1797"]
[PlyCount "119"]

1. c4 e5 2. Nc3 d6 3. d4 Be7 4. g3 c6 5. Nf3 Nd7 6. e4 Ngf6 7. Bg2 O-O 8. O-O
h6 9. b3 Nh7 10. Bb2 Qc7 11. Qe2 Re8 12. Rad1 Ndf8 13. Qd2 Be6 14. d5 Bd7 15.
dxc6 Bxc6 16. Nd5 Bxd5 17. exd5 Nd7 18. Bh3 Bf6 19. Bf5 a5 20. h4 Nc5 21. Nh2
g6 22. Bb1 h5 23. Nf3 Qe7 24. Rde1 Qd7 25. Kh2 Qg4 26. Qe3 Re7 27. Nd2 Qd7 28.
Ne4 Nxe4 29. Qxe4 Bg7 30. f3 f5 31. Qe2 Nf6 32. Qd1 Rae8 33. a3 Qc7 34. Re2 Rd8
35. Rfe1 Rde8 36. Ba2 Kh7 37. b4 axb4 38. axb4 b6 39. Qb3 Rb8 40. Ra1 Ree8 41.
Bb1 Rec8 42. Bd3 Bf8 43. Ree1 Ra8 44. Ra4 Rxa4 45. Qxa4 Rb8 46. Kg2 Be7 47. Ra1
Rb7 48. Qa8 Bd8 49. Bc1 Ng8 50. Be3 Nh6 51. Ra6 Nf7 52. Bxb6 Rxb6 53. Ra7 Qb8
54. Rxf7+ Kg8 55. Qxb8 Rxb8 56. Rd7 Bb6 57. Rxd6 Bd4 58. b5 Kf7 59. Rc6 Ra8 60.
c5 1-0

[Event "4.Nord-West-Cup"]
[Site "?"]
[Date "2002.??.??"]
[Round "3"]
[White "Hedke, Manfred"]
[Black "Schmitz-Jordan, Juergen"]
[Result "1/2-1/2"]
[WhiteElo "1800"]
[BlackElo "2090"]
[PlyCount "42"]

1. e4 c5 2. Nf3 Nc6 3. Bb5 g6 4. O-O Bg7 5. Nc3 d6 6. h3 Nf6 7. e5 Nh5 8. exd6
Qxd6 9. Ne4 Qd5 10. d3 b6 11. Nfg5 e6 12. Qf3 f5 13. Nd6+ Kd7 14. Nxc8 Raxc8
15. Re1 Qxf3 16. Nxf3 Kd6 17. c3 e5 18. Ng5 Nd8 19. a3 h6 20. Nf3 g5 21. Bd2
Rc7 1/2-1/2

[Event "4.Nord-West-Cup"]
[Site "?"]
[Date "2002.??.??"]
[Round "3"]
[White "Schmidt, Oliver"]
[Black "Merettig, Georg"]
[Result "1-0"]
[WhiteElo "2087"]
[BlackElo "1779"]
[PlyCount "45"]

1. e4 b6 2. d4 Bb7 3. Nc3 g6 4. Nf3 Bg7 5. Bc4 Nf6 6. e5 Ng4 7. Bxf7+ Kxf7 8.
Ng5+ Kg8 9. Qxg4 c5 10. e6 Bxd4 11. Nf7 Qf8 12. Bh6 Qe8 13. h4 dxe6 14. Nxh8
Kxh8 15. h5 Nd7 16. hxg6 Qxg6 17. Qxg6 hxg6 18. f3 Ne5 19. Nb5 Nf7 20. Nxd4
Nxh6 21. Nxe6 Kh7 22. O-O-O Re8 23. Rxh6+ 1-0

[Event "4.Nord-West-Cup"]
[Site "?"]
[Date "2002.??.??"]
[Round "3"]
[White "Weller, Friedhelm"]
[Black "Langer, Wolfgang"]
[Result "0-1"]
[WhiteElo "1771"]
[BlackElo "2081"]
[PlyCount "116"]

1. e4 c5 2. Nc3 Nc6 3. Nf3 e5 4. Bc4 d6 5. h3 h6 6. d3 Nge7 7. Be3 g6 8. a3 a6
9. a4 Bg7 10. O-O O-O 11. Qd2 Kh7 12. Nh2 f5 13. exf5 gxf5 14. f4 d5 15. Bxc5
dxc4 16. Rf3 e4 17. Rg3 Bd4+ 18. Bxd4 Qxd4+ 19. Kh1 Be6 20. Qe2 cxd3 21. cxd3
Nd5 22. dxe4 Nxc3 23. Rxc3 Qxe4 24. Re3 Qxf4 25. Rxe6 Rf7 26. Qh5 Rg7 27. Nf3
Rag8 28. Rg1 Rg3 29. Rf6 Ne7 30. Rf7+ R8g7 31. Rxg7+ Rxg7 32. Re1 Nd5 33. Re6
Ne3 34. h4 Ng4 35. b3 Nf2+ 36. Kg1 Nh3+ 37. Kf1 Qc1+ 38. Re1 Qc2 39. Ng5+ Rxg5
40. Re7+ Rg7 41. Rxg7+ Kxg7 42. gxh3 Qd3+ 43. Kg2 Qd2+ 44. Kf1 Qf4+ 45. Kg2 Kf6
46. Qf3 Qxf3+ 47. Kxf3 Ke5 48. h5 a5 49. Ke3 b6 50. h4 f4+ 51. Kf2 Ke4 52. Ke2
f3+ 53. Kf2 Kf4 54. Kf1 Ke3 55. Ke1 f2+ 56. Kf1 Kf3 57. b4 axb4 58. a5 b3 0-1

[Event "4.Nord-West-Cup"]
[Site "?"]
[Date "2002.??.??"]
[Round "3"]
[White "Eickhoff, Hermann"]
[Black "Roehl, Bernd"]
[Result "1/2-1/2"]
[WhiteElo "2074"]
[BlackElo "1755"]
[PlyCount "108"]

1. e4 c6 2. Nf3 d5 3. e5 Bf5 4. d4 e6 5. Bd3 Bxd3 6. Qxd3 Qa5+ 7. Bd2 Qa6 8.
Qb3 Nd7 9. Nc3 Ne7 10. O-O-O Nb6 11. Rhe1 h6 12. Be3 Nc4 13. Nd2 b5 14. g4 Nc8
15. f4 h5 16. g5 g6 17. Bf2 N8b6 18. Nf3 b4 19. Ne2 Na4 20. f5 Naxb2 21. fxe6
fxe6 22. Nf4 Nxd1 23. Kxd1 Kf7 24. Nh4 Qa3 25. Nhxg6 Rg8 26. Nxf8 Raxf8 27. h4
Ke7 28. Bg3 Rxf4 29. Bxf4 Rf8 30. Bc1 Qxb3 31. cxb3 Nb6 32. Ke2 Nd7 33. a3 c5
34. Ke3 a5 35. axb4 cxd4+ 36. Kxd4 axb4 37. Bd2 Rb8 38. g6 Kf8 39. Rf1+ Kg8 40.
Bh6 Nf8 41. Rf6 Rc8 42. Bxf8 Rxf8 43. Rxe6 Rf4+ 44. Kxd5 Rxh4 45. Rb6 Kg7 46.
Kc5 Re4 47. Rxb4 Rxe5+ 48. Kd6 Re1 49. Rd4 Kxg6 50. b4 Rb1 51. Kc6 Kg5 52. b5
h4 53. b6 h3 54. Rd8 h2 1/2-1/2

[Event "4.Nord-West-Cup"]
[Site "?"]
[Date "2002.??.??"]
[Round "3"]
[White "Haase, Sven"]
[Black "Wahrenberg, Ralf"]
[Result "1-0"]
[WhiteElo "1760"]
[BlackElo "2069"]
[PlyCount "68"]

1. e4 e5 2. f4 exf4 3. Bc4 Qh4+ 4. Kf1 d5 5. exd5 f3 6. Bb5+ c6 7. Nxf3 Qh5 8.
Qe2+ Be7 9. dxc6 bxc6 10. Bc4 Nd7 11. Nc3 Ngf6 12. d3 Nb6 13. Bb3 Bg4 14. Bf4
Rd8 15. Re1 Rd7 16. h3 O-O 17. Ne4 Nfd5 18. Bd2 Bxf3 19. Qxf3 Qg6 20. g3 Kh8
21. Rh2 f5 22. Nc3 Nf6 23. Rf2 Nh5 24. g4 Bh4 25. gxh5 Qf6 26. Ree2 Bxf2 27.
Rxf2 Re7 28. Nd1 Nd7 29. Bc3 Qg5 30. Rg2 Qh4 31. Qg3 Qxg3 32. Rxg3 Rfe8 33. h6
Ne5 34. hxg7+ Rxg7 1-0

[Event "4.Nord-West-Cup"]
[Site "?"]
[Date "2002.??.??"]
[Round "3"]
[White "Teixeira, Jose"]
[Black "Kuenitz, Klaus"]
[Result "0-1"]
[WhiteElo "1751"]
[BlackElo "2068"]
[PlyCount "124"]

1. e4 e6 2. d4 d5 3. e5 c5 4. c3 Nc6 5. Nf3 Bd7 6. Be2 cxd4 7. cxd4 Bb4+ 8. Nc3
Nge7 9. O-O Ng6 10. a3 Bxc3 11. bxc3 Rc8 12. Bd2 Na5 13. Qb1 b6 14. Qb4 Ne7 15.
Rfc1 Nc4 16. Be1 Nc6 17. Qb1 N6a5 18. Bd3 h6 19. Nd2 Ba4 20. Bxc4 dxc4 21. Qb4
Bc6 22. Rab1 Bd5 23. f3 h5 24. Qa4+ Kf8 25. Qc2 h4 26. Ne4 Bxe4 27. Qxe4 Qg5
28. Rd1 h3 29. g3 Qe7 30. Rb4 Rd8 31. Ra1 Qd7 32. Kf2 Qd5 33. Ra2 Rh5 34. Qxd5
exd5 35. Rbb2 Nb3 36. Bd2 Rc8 37. Be3 Ke7 38. g4 Rh7 39. Kg3 Rc6 40. f4 g6 41.
Rf2 Rc8 42. g5 Ke6 43. Kf3 Kf5 44. Rf1 Rh4 45. Rg1 Na5 46. Rb2 Nb3 47. Ra2 Rc7
48. Rb2 Rd7 49. Ra2 Na5 50. Raa1 Nc6 51. Rg3 Rd8 52. Rag1 Rdh8 53. Rg4 Rxg4 54.
Rxg4 b5 55. Bf2 a5 56. Rg1 Rb8 57. Rb1 b4 58. axb4 axb4 59. cxb4 Rxb4 60. Rxb4
Nxb4 61. Be1 Na2 62. Ke3 c3 0-1

[Event "4.Nord-West-Cup"]
[Site "?"]
[Date "2002.??.??"]
[Round "3"]
[White "Boos, Hanspeter"]
[Black "Lammers, Markus"]
[Result "0-1"]
[WhiteElo "1585"]
[BlackElo "2063"]
[PlyCount "62"]

1. e4 c5 2. Nc3 e6 3. g3 Nc6 4. Bg2 d6 5. d3 Nf6 6. h3 Be7 7. f4 O-O 8. Nge2 d5
9. e5 Nd7 10. O-O Rb8 11. Kh2 b5 12. d4 b4 13. Na4 Ba6 14. Be3 cxd4 15. Bg1 Qa5
16. b3 Rfc8 17. Rf2 f6 18. Nxd4 Nxd4 19. Qxd4 Bb5 20. Bxd5 exd5 21. Qxd5+ Kh8
22. Rd2 fxe5 23. fxe5 Qc7 24. e6 Nf6 25. Qf5 Qc6 26. Rad1 Bxa4 27. bxa4 Qxa4
28. Bd4 Qxa2 29. Rf1 b3 30. Qf4 b2 31. c4 b1=Q 0-1

[Event "4.Nord-West-Cup"]
[Site "?"]
[Date "2002.??.??"]
[Round "3"]
[White "Hank, Holger"]
[Black "Meijer, Johannes"]
[Result "1-0"]
[WhiteElo "2054"]
[BlackElo "1385"]
[PlyCount "43"]

1. c4 e5 2. g3 Nf6 3. Bg2 Nc6 4. Nc3 Bb4 5. Nd5 Nxd5 6. cxd5 Ne7 7. a3 Bd6 8.
d4 c5 9. dxc6 dxc6 10. Nf3 Qc7 11. O-O e4 12. Nd2 e3 13. fxe3 Nf5 14. Nc4 Bxg3
15. hxg3 Nxg3 16. Rf2 Bg4 17. Ne5 f5 18. e4 g5 19. Qb3 Nxe2+ 20. Rxe2 Bxe2 21.
Bxg5 Qg7 22. Qe6+ 1-0

[Event "4.Nord-West-Cup"]
[Site "?"]
[Date "2002.??.??"]
[Round "3"]
[White "Kohlmann, Christian"]
[Black "Margraf, Daniel"]
[Result "1/2-1/2"]
[WhiteElo "1386"]
[BlackElo "2039"]
[PlyCount "122"]

1. d4 Nf6 2. Nf3 c5 3. dxc5 Na6 4. Nc3 Nxc5 5. Bf4 d6 6. e3 g6 7. Be2 Bg7 8.
O-O O-O 9. Rb1 a6 10. Nd2 Be6 11. Nb3 Rc8 12. f3 b5 13. e4 Qc7 14. Be3 Nxb3 15.
cxb3 Rfd8 16. Rc1 Qa5 17. a3 d5 18. b4 Qc7 19. Nxd5 Qb7 20. Rxc8 Rxc8 21. Nxf6+
Bxf6 22. Qb1 Qc7 23. Rc1 Qe5 24. Rxc8+ Bxc8 25. Bc1 Qd4+ 26. Kf1 Qb6 27. Qc2
Be6 28. Qc5 Qd8 29. e5 Bg7 30. Be3 h5 31. Bd4 h4 32. Kf2 Bd5 33. Qc3 e6 34. b3
Bxb3 35. Bd3 Bd5 36. Be2 Qa8 37. h3 Qd8 38. Bd3 Qg5 39. Be2 Qg3+ 40. Kf1 Qf4
41. Kf2 Kh7 42. Bd3 Bh6 43. Be2 Qc1 44. Qxc1 Bxc1 45. Bc3 Bxa3 46. Ke3 Bc1+ 47.
Bd2 Bxd2+ 48. Kxd2 Kh6 49. Ke3 Kg5 50. f4+ Kh6 51. Bf3 Bxf3 52. Kxf3 g5 53. Kg4
gxf4 54. Kxh4 f5 55. exf6 Kg6 56. Kg4 e5 57. f7 Kxf7 58. Kf5 a5 59. bxa5 b4 60.
a6 b3 61. a7 b2 1/2-1/2

[Event "4.Nord-West-Cup"]
[Site "?"]
[Date "2002.??.??"]
[Round "3"]
[White "van Hove, Ode"]
[Black "Krause, Thomas"]
[Result "0-1"]
[WhiteElo "1485"]
[BlackElo "2182"]
[PlyCount "68"]

1. e4 d5 2. exd5 Qxd5 3. Nc3 Qa5 4. d4 c6 5. Nf3 Nf6 6. h3 Bf5 7. Bd2 Qc7 8.
Bc4 e6 9. O-O Nbd7 10. Re1 O-O-O 11. Bb3 Be7 12. Ng5 Bg6 13. Bxe6 fxe6 14. Nxe6
Qb6 15. Nxd8 Bxd8 16. Be3 Qxb2 17. Ne2 Qxc2 18. Nf4 Qxd1 19. Rexd1 Bf7 20. Nd3
Bc7 21. Rdc1 Nd5 22. Bd2 Re8 23. Re1 Bb6 24. Be3 Bg6 25. Nb2 Ba5 26. Rec1 Nxe3
27. fxe3 Bd2 28. Rd1 Bxe3+ 29. Kh1 Nb6 30. a4 a5 31. Ra3 Re4 32. Rb3 Kc7 33.
Rbd3 Bg5 34. Ra3 Re2 0-1

[Event "4.Nord-West-Cup"]
[Site "?"]
[Date "2002.??.??"]
[Round "3"]
[White "Schneider, Florian"]
[Black "Issing, Peter"]
[Result "0-1"]
[WhiteElo "1748"]
[BlackElo "2253"]
[PlyCount "80"]

1. e4 e5 2. f4 d5 3. exd5 c6 4. Nc3 exf4 5. Nf3 Bd6 6. d4 Ne7 7. dxc6 Nbxc6 8.
Bb5 O-O 9. O-O Bg4 10. Ne2 Ng6 11. Bd3 Qb6 12. c3 Rae8 13. Kh1 Qc7 14. Qc2 Nce7
15. c4 b6 16. b3 Qc8 17. Nfg1 Qc7 18. Bd2 Nd5 19. h3 Bxe2 20. Nxe2 Ne3 21. Bxe3
fxe3 22. Bxg6 hxg6 23. Rf3 Re6 24. Qd3 Rfe8 25. Raf1 f5 26. Re1 f4 27. Ref1 g5
28. Qf5 Qe7 29. Kg1 Rf8 30. Qd3 Rh6 31. Qc2 Rh4 32. Rc1 g4 33. hxg4 Rxg4 34.
Kf1 Bb4 35. Rd1 Rh4 36. d5 Qe5 37. Qd3 Rh1+ 38. Ng1 Re8 39. Qe2 Qh5 40. Rh3
Rxg1+ 0-1